LEADER 01527nam a2200289 u 4500 001 000000025727 003 CaOOAMICUS 005 20070226111509.0 008 951025s1946 it u000 u lat u 035 $a10660390 040 $aBAV(R)$bita$dPUL(R) 100 1 $aHöpfl, Hildebrand,$cO.S.B.,$d1872-1934.$0(OLS)http://pul/name/13367 245 10$aIntroductio specialis in Vetus Testamentum. 246 35$aIntroductionis in sacros utriusque testamenti libros compendium.$nVolumen secundum,$pIntroductio specialis in Vetus Testamentum 250 $aEd. 5a /$bex integro retractata quam curaverunt Athanasius Miller et Adalbertus Metzinger ... 260 $aRomae :$bEphemerides liturgicae,$c1946. 300 $axxvi, 599 p. ;$c23 cm 630 04$aBiblia.$pV.T.$xIntroduzioni.$0(OLS)http://pul/subject/4024 850 $aPUL 852 $aPUL$W1$xSL Religione 1$y3$m1(5) B 17$j35939$nBK-PRI$b $qStampati$B35939$CPULBib$Z2$F35939 $H $81 852 $aPUL$W1$xDP1 Fondo Cecchetti$y53$m263 A 24$j35940$nBK-PRI$b $qFondi$B35940$CPULBib$Z2$F35940 $H374 $81 941 1 $a8 941 1 $a1 961 $aINV: 33810 996 $6245$aIntroductio specialis in Vetus Testamentum$9(OLS)http://pul/title/35432 996 $6246$aIntroductionis in sacros utriusque testamenti libros compendium.$nVolumen secundum,$pIntroductio specialis in Vetus Testamentum$9(OLS)http://pul/title/35433 996 $6260$aRomae :$bEphemerides liturgicae$9(OLS)http://pul/publisher/59001 LEADER 01217nam a2200265 a 4500 001 000000164113 003 CaOOAMICUS 005 20171109175904.0 008 171109s1965 sp m 000 u spa d 032 $aLibriCat 040 $aPUL$bita 100 0 $aFaustino de Pablo Maroto,$cO.C.D.$0(OLS)http://pul/name/105484 245 10$aAmor y conocimiento en la vida mística según Hugo de Balma / $cFaustino de Pablo Maroto, O.C.D. 260 $aMadrid :$b[s.n.],$c1965. 300 $a65 p. ;$c24 cm. 502 $aEstratto di Tesi-- Pontificia Facultas Theologica SS. Theresiae a Iesu et Ioannis a Cruce in Urbe. 1965. 504 $aBibliografia in nota a piè pagina. 600 04$aHugo de Balma, $cO.Carth.,$df. 1289-1304.$0(OLS)http://pul/subject/45107 710 2 $aTeresianum.$kTesi.$0(OLS)http://pul/name/6101 850 $aPUL 852 $aPUL$W1$xDP1 Tesi Pon. Fac. Teresianum$y48$mTH TER 16$j188202$qTesi$B191383$CPULBib$Z2$F191383 $H28473 $82 941 1 $a16 996 $6245$aAmor y conocimiento en la vida mística según Hugo de Balma / $9(OLS)http://pul/title/203805 996 $6260$aMadrid :$b[s.n.]$9(OLS)http://pul/publisher/49535